000 00327 a2200145 4500
001 149008
040 _cEscola São Tomás de Aquino
100 _aROCHA, Ruth
240 1 0 _aUm macaco pra frente
_lpor
245 1 0 _aUm macaco pra frente
362 0 _a2002
440 1 _aÁtica
697 _a*LITERATURA INFANTO
942 _cBK
999 _c149008
_d149008